| 000 | 00370nam a2200157Ia 4500 | ||
|---|---|---|---|
| 008 | 230312s9999||||xx |||||||||||||| ||und|| | ||
| 020 | _a81-317-5990-5 | ||
| 082 |
_a621.3981 _bKAM-M |
||
| 100 | _aKamal;Raj | ||
| 245 | 0 | _aMicrocontrollers | |
| 260 |
_bPearson _aIndia _c2012 |
||
| 300 | _a861 | ||
| 546 | _aEng. | ||
| 650 |
_aEngineering _vMicrocontrollers |
||
| 942 | _cBK | ||
| 999 |
_c7547 _d7547 |
||